Statistics for Nietzsche Bibliography

Click here to take the quiz!

General Stats

  • This quiz has been taken 25 times
  • The average score is 5 of 14

Answer Stats

HintAnswer% Correct
1883-5Thus Spoke Zarathustra
83%
1886Beyond Good and Evil
74%
1888Ecce Homo
48%
1888The Antichrist
48%
1872The Birth of Tragedy
48%
1882,1887The Gay Science
48%
1888Twilight of the Idols
39%
1878Human, All Too Human
22%
1887On the Genealogy of Morals
22%
1881The Dawn
22%
1888Nietzsche contra Wagner
17%
1888The Case of Wagner
17%
1873-6The Untimely Meditations
13%
1870The Greek Music Drama
0%

Score Distribution

Percentile by Number Answered

Percent of People with Each Score

Your Score History

You have not taken this quiz